|
|
|
|
| LEADER |
00846nam#a2200253#a#4500 |
| 001 |
004196 |
| 005 |
20160721143113.0 |
| 008 |
981020q1976########################spa#d |
| 040 |
|
|
|a AR-beUNQ
|
| 099 |
|
|
|a 17-M6
|
| 100 |
1 |
|
|a Martínez, Víctor D
|
| 245 |
0 |
2 |
|a Identificación de un programa de adquisiciones en el sector de alimentos e industrias químicas
|c Víctor D Martínez.
|
| 260 |
|
|
|a [s.l.] :
|b [s.n.],
|c [1976?]
|
| 300 |
|
|
|a 30 p
|
| 650 |
|
7 |
|a ADQUISICION DE DOCUMENTOS
|2 Spines
|
| 650 |
|
7 |
|a DISEMINACION DE LA INFORMACION
|2 Spines
|
| 650 |
|
7 |
|a INDUSTRIA QUIMICA
|2 Spines
|
| 650 |
|
7 |
|a ALIMENTOS
|2 Spines
|
| 650 |
|
7 |
|a DOCUMENTOS PRIMARIOS
|2 Spines
|
| 650 |
|
7 |
|a DOCUMENTOS SECUNDARIOS
|2 Spines
|
| 651 |
|
7 |
|a NICARAGUA
|2 Spines
|
| 929 |
|
|
|a COMPRA
|b Victor Martinez
|d 4,00E
|e 19981020
|g Exp. 0387/98
|j 20552
|
| 942 |
|
|
|c LIB
|n 0
|
| 999 |
|
|
|c 6971
|d 82358
|